عرض عادي
عرض مارك
- عبد النبي، محمد أحمد.
مدخل إسم شخص
001 - رقم الضبط
- حقل الضبط: 12714
003 - معرف رقم الضبط
- حقل الضبط: OSt
005 - تاريخ ووقت أخر عملية
- حقل الضبط: 20120508150747.0
008 - عناصر بيانات ثابتة الطول
- حقل تحكم ثابت الطول: 120508|||a|||||| | ||| d
040 ## - مصدر الفهرسة
- هيئة الفهرسة الأصلية: OSt
- وكالة الكتابة: OSt
100 ## - مدخل -- أسم شخص
- إسم شخص: عبد النبي، محمد أحمد.
670 ## - بيانات المصدر موجوده
- الاستشهاد بالمصدر: Work cat.: (OSt): عبد النبي، محمد أحمد., الرقابة المصرفية /, 2010
